IFM Opac

Environmental Modeling: Analysis and Management (Record no. 12759)

MARC details
000 -LEADER
fixed length control field 00434nam a22001577a 4500
020 ## - INTERNATIONAL STANDARD BOOK NUMBER
International Standard Book Number 0879330821
082 ## - DEWEY DECIMAL CLASSIFICATION NUMBER
Classification number 301.31 DAE
100 ## - MAIN ENTRY--PERSONAL NAME
Personal name DAETZ, Douglas
245 ## - TITLE STATEMENT
Title Environmental Modeling: Analysis and Management
260 ## - PUBLICATION, DISTRIBUTION, ETC.
Place of publication, distribution, etc. Pennyslvania
Name of publisher, distributor, etc. Dowden, hutchinson & Ross
Date of publication, distribution, etc. 1927
300 ## - PHYSICAL DESCRIPTION
Extent xv, 407p.
Other physical details ill.; 26cm.
500 ## - GENERAL NOTE
General note Include Bibliography and Index
650 ## - SUBJECT ADDED ENTRY--TOPICAL TERM
Topical term or geographic name entry element Environmental
700 ## - ADDED ENTRY--PERSONAL NAME
Personal name PANTELL, R. H.
942 ## - ADDED ENTRY ELEMENTS (KOHA)
Koha item type Books
Holdings
Withdrawn status Lost status Damaged status Not for loan Home library Current library Shelving location Date acquired Total Checkouts Full call number Barcode Date last seen Price effective from Koha item type
Withdrawn       IFM Main Campus Library IFM Main Campus Library Archival Collection 10/21/2015   301.31 DAE 0000007073 10/21/2015 02/19/2022 Books